Mały jawniak

Titel: Mały jawniak / Maciej Poleski
Verfasser:
Veröffentlicht: [Warszawa] : Wydawn. V, [1988?]
Umfang: 46 S.
Format: Buch
Sprache: Polnisch
Schlagworte:
Kein Bild verfügbar
X
Lokale Klassifikation: 32 7 Od
alg: 36841731
001A    $03004:14-01-16 
001B    $01999:01-11-24 $t18:27:59.000 
001C    $03004:14-01-16 $t08:36:57.000 
001D    $03004:14-01-16 
001U    $0utf8 
001X    $00 
002@    $0Aau 
003@    $036841731X 
003O    $0612425287 $aOCoLC 
006L    $0BV005457809 $2BVB 
007A    $036841731X $aHEB 
010@    $apol 
011@    $a1988 $n[1988?] 
021A    $aMały jawniak $hMaciej Poleski 
028A    $RPoleski, Maciej $#Bielecki, Czeslaw $#Poleski, Maciej $D20231015 $Ecgwrk $7130216178 $8Bielecki, Czesław$Z1948- [Tp1] $9160423945 
033A    $p[Warszawa] $nWydawn. V 
034D    $a46 S. 
041A    $#Totalitarianism $#Totalitarisme $#Totalitarismo $#Totalitarismo $#Totalitarismus $#Totaler Staat $#Totalitärer Staat $74060491-3 $8Totalitarismus [Ts1] $9085167908 
045F    $a909 $eDDC23BSB 
045F/01 $a909 
045F/03 $f0904 
045F/03 $g438 

lok: 36841731 24
101B    $014-01-16 $t08:36:57.000 
101C    $014-01-16 
101U    $0utf8 
145Z/01 $a32 7 Od 

exp: 36841731 24 1 #EPN
201B/01 $014-01-16 $t08:36:57.000 
201C/01 $014-01-16 
201U/01 $0utf8 
203@/01 $0765662817 
208@/01 $a14-01-16 $bz 
209A/01 $aU/ 15.10214 $dd $f050 $h15 10214 $x00 
209A/01 $aMurche-Kikut 2236 $x02 
209A/01 $abnwa $x09 
209C/01 $a15.10214 T $h15 10214 T 
209G/01 $a73708036 $x00 
209G/01 $aRara $x01 
220C/01 $ajwa/eng 
237A/01 $aMurche-Kikut 2236 
247C/01 $8358050-7 Marburg, Bibliothek des Herder-Instituts Marburg $9102600961 

exp: 36841731 24 2 #EPN
201B/02 $014-01-16 $t08:41:10.000 
201C/02 $014-01-16 
201U/02 $0utf8 
203@/02 $0765663007 
208@/02 $a14-01-16 $bz 
209A/02 $aU/ 15.10215 $du $f050 $h15 10215 $x00 
209A/02 $aMurche-Kikut 2236 $x02 
209A/02 $abnwa $x09 
209C/02 $a15.10215 T $h15 10215 T 
209G/02 $a73708176 $x00 
209G/02 $aRara $x01 
220C/02 $ajwa/eng 
237A/02 $aMurche-Kikut 2236 
247C/02 $8358050-7 Marburg, Bibliothek des Herder-Instituts Marburg $9102600961
LEADER 00000cam a2200000 c 4500
001 36841731X
003 DE-603
005 20241101182759.0
007 tu
008 160114s1988 xx |||| | u00||u|pol c
035 |a (DE-599)HEB36841731X 
035 |a (DE-604)BV005457809 
035 |a (OCoLC)612425287 
040 |a DE-603  |b ger  |c DE-603  |d DE-603 
041 |a pol 
082 0 4 |8 1\u  |a 909  |q DE-101  |2 23/BSB 
085 |8 1\u  |b 909 
085 |8 1\u  |z 1  |s 0904 
085 |8 1\u  |z 2  |s 438 
100 1 |a Bielecki, Czesław  |d 1948-  |0 (DE-603)160423945  |0 (DE-588)130216178  |2 gnd 
245 0 0 |a Mały jawniak  |c Maciej Poleski 
264 1 |a [Warszawa]  |b Wydawn. V  |c [1988?] 
300 |a 46 S. 
650 7 |a Totalitarismus  |0 (DE-588)4060491-3  |0 (DE-603)085167908  |2 gnd 
924 0 |9 Mb 50  |a (DE-603)765662817  |b DE-Mb50  |c HES  |d d  |g U/ 15.10214  |h Rara  |i bnwa 
924 0 |9 Mb 50  |a (DE-603)765663007  |b DE-Mb50  |c HES  |d c  |g U/ 15.10215  |h Rara  |i bnwa